000 00380nam a2200133Ia 4500
008 231221s9999 xx 000 0 und d
020 _a978-1-84996-226-1
041 _aEnglish
100 _aSholom M. Weiss, Nitin Indurkhya, Tong Zhang
245 0 _aFundamentals of Predictive Text Mining
260 _c2010
_bSpringer US
_aNew York
650 _aComputer Science
942 _cEB
999 _c219246
_d219246